[Event "Regionalliga Nord-Ost 1819"]
[Site "Bayern"]
[Date "2019.02.03"]
[Round "6.4"]
[White "Bader, Dominic"]
[Black "Fischer, Oliver1111"]
[Result "1/2-1/2"]
[WhiteElo "1995"]
[BlackElo "2018"]
[PlyCount "42"]
[EventDate "2018.10.21"]
[EventType "team-tourn"]
[EventRounds "9"]
[EventCountry "GER"]
[SourceTitle "EXT 2022"]
[Source "ChessBase"]
[SourceDate "2021.10.06"]
[SourceVersion "1"]
[SourceVersionDate "2021.10.06"]
[SourceQuality "1"]
[WhiteTeam "Buechenbach/Roth"]
[BlackTeam "Nuernberg Sued SW II"]
[WhiteTeamCountry "GER"]
[BlackTeamCountry "GER"]

1. e4 e6 2. Nc3 d5 3. Nf3 Nf6 4. e5 Nfd7 5. d4 c5 6. dxc5 Nc6 7. Bf4 Bxc5 8. Bd3 f6 9. exf6 Nxf6 10. 0-0 0-0 11. Bg5 a6 12. Qe2 Qc7 13. Bh4 Bd7 14. Rad1 Rae8 15. Kh1 g6 16. Qd2 Ng4 17. Qg5 Qf4 18. Qxf4 Rxf4 19. Bg3 Rff8 20. h3 Nf6 21. Ne5 Nxe5 1/2-1/2

[Event "Regionalliga Nord-Ost 1718"]
[Site "Bayern"]
[Date "2018.01.21"]
[Round "5.3"]
[White "Bader, Dominic"]
[Black "Meulner, Klaus"]
[Result "1-0"]
[WhiteElo "2045"]
[BlackElo "2066"]
[PlyCount "71"]
[EventDate "2017.10.22"]
[EventType "team-tourn"]
[EventRounds "9"]
[EventCountry "GER"]
[SourceTitle "EXT 2022"]
[Source "ChessBase"]
[SourceDate "2021.10.06"]
[SourceVersion "1"]
[SourceVersionDate "2021.10.06"]
[SourceQuality "1"]
[WhiteTeam "Buechenbach/Roth"]
[BlackTeam "Nuernberg Sued SW II"]
[WhiteTeamCountry "GER"]
[BlackTeamCountry "GER"]

1. e4 g6 2. Nc3 Bg7 3. g3 c5 4. Bg2 Nc6 5. d3 d6 6. f4 e6 7. Nf3 Nge7 8. 0-0 0-0 9. Ne2 Nd4 10. c3 Nxf3+ 11. Bxf3 e5 12. Be3 Bh3 13. Rf2 Rc8 14. Kh1 Be6 15. g4 d5 16. f5 dxe4 17. Bxe4 Bd5 18. f6 Bxf6 19. Rxf6 Be6 20. Bh6 Bxg4 21. Bxf8 Qxf8 22. Qd2 Qg7 23. Raf1 Be6 24. R6f2 f5 25. Bxb7 Rd8 26. Qe3 Nd5 27. Bxd5 Bxd5+ 28. Kg1 Ba8 29. Qxc5 Qb7 30. Ng3 f4 31. Ne4 Rf8 32. Qxe5 Rf5 33. Qe6+ Kg7 34. Rxf4 Rg5+ 35. Kh1 Qxb2 36. Qe7+ 1-0

[Event "Wiesbaden op 29th"]
[Site "Wiesbaden"]
[Date "2017.08.26"]
[Round "5"]
[White "Arns, Alexander"]
[Black "Bader, Dominic"]
[Result "1/2-1/2"]
[WhiteElo "1891"]
[BlackElo "2087"]
[PlyCount "65"]
[EventDate "2017.08.24"]
[EventType "swiss"]
[EventRounds "7"]
[EventCountry "GER"]
[SourceTitle "CBM 180 Extra"]
[Source "ChessBase"]
[SourceDate "2017.10.06"]
[SourceVersion "1"]
[SourceVersionDate "2017.10.06"]
[SourceQuality "1"]

1. c4 Nf6 2. Nc3 g6 3. g3 Bg7 4. Bg2 0-0 5. d4 d6 6. Nf3 c6 7. 0-0 Qc7 8. e4 Nbd7 9. h3 a6 10. a4 c5 11. d5 Ne8 12. Bg5 Ne5 13. Nxe5 dxe5 14. Qd2 Nd6 15. b3 Rb8 16. Rfc1 b6 17. Rab1 f6 18. Bh6 Bd7 19. Bxg7 Kxg7 20. f4 Nf7 21. Kh1 a5 22. Rf1 Rh8 23. Ne2 h5 24. Rbd1 Qd6 25. Nc1 Rbd8 26. Nd3 h4 27. g4 g5 28. fxe5 Nxe5 29. Nxe5 Qxe5 30. Rc1 Bc8 31. Qc3 Rhf8 32. Rf3 Rf7 33. Qxe5 1/2-1/2

[Event "Wiesbaden op 29th"]
[Site "Wiesbaden"]
[Date "2017.08.26"]
[Round "4"]
[White "Bader, Dominic"]
[Black "Wuest, Michael"]
[Result "1/2-1/2"]
[WhiteElo "2087"]
[BlackElo "1907"]
[PlyCount "160"]
[EventDate "2017.08.24"]
[EventType "swiss"]
[EventRounds "7"]
[EventCountry "GER"]
[SourceTitle "CBM 180 Extra"]
[Source "ChessBase"]
[SourceDate "2017.10.06"]
[SourceVersion "1"]
[SourceVersionDate "2017.10.06"]
[SourceQuality "1"]

1. d4 e6 2. Nf3 f5 3. g3 Nf6 4. Bg2 d5 5. 0-0 c6 6. b3 Bd6 7. Bb2 0-0 8. Ne5 Nbd7 9. c4 Qc7 10. f4 Ne4 11. Nd2 Nxe5 12. fxe5 Be7 13. Qc2 Nxd2 14. Qxd2 Bd7 15. Rfc1 Qd8 16. Rc2 Be8 17. e3 Bg6 18. Rcc1 Qd7 19. Bc3 h6 20. Bb4 Bh7 21. Bf1 Rf7 22. Bxe7 Qxe7 23. cxd5 cxd5 24. Rc5 Raf8 25. Bd3 Qg5 26. Kh1 Qg4 27. Qg2 Qg5 28. Qf3 Bg6 29. Qf4 Qe7 30. Be2 Bh7 31. Rg1 g5 32. Qf1 Kh8 33. Bd3 Rg7 34. Qc1 Qf7 35. Rg2 Qh5 36. Be2 Qf7 37. Bd3 Qh5 38. Rf2 Rgf7 39. Be2 Qg6 40. Bd3 Qh5 41. Be2 Qg6 42. Bf3 f4 43. exf4 gxf4 44. g4 Qd3 45. Qc3 Qb1+ 46. Kg2 Be4 47. Re2 Rg8 48. Rc8 Bxf3+ 49. Kxf3 Qh1+ 50. Rg2 Qf1+ 51. Rf2 Qh3+ 52. Ke2 Qxg4+ 53. Kd2 Rxc8 54. Qxc8+ Kg7 55. Qc3 f3 56. Qe3 Qf5 57. Qd3 Qf4+ 58. Qe3 Qg4 59. Qd3 Rf4 60. Kc3 h5 61. Qb5 Rf7 62. Qf1 Rc7+ 63. Kb2 Qxd4+ 64. Kb1 Qe4+ 65. Kb2 Qxe5+ 66. Ka3 Qd6+ 67. Kb2 Qe5+ 68. Ka3 Rf7 69. Rxf3 Rxf3 70. Qxf3 Qf5 71. Qg3+ Kh6 72. Qe3+ Kg6 73. Qxa7 Qf7 74. Kb2 Qe7 75. Qg1+ Kf7 76. Qd1 Qg5 77. Qc2 Qe5+ 78. Ka3 Qd6+ 79. Kb2 Qe5+ 80. Ka3 Qd6+ 1/2-1/2

[Event "Regionalliga NO 1617"]
[Site "Bayern"]
[Date "2017.04.02"]
[Round "8.3"]
[White "Strobel, Christian"]
[Black "Bader, Dominic"]
[Result "0-1"]
[WhiteElo "2034"]
[BlackElo "2029"]
[PlyCount "68"]
[EventDate "2016.10.16"]
[EventType "team-tourn"]
[EventRounds "9"]
[EventCountry "GER"]
[SourceTitle "EXT 2019"]
[Source "ChessBase"]
[SourceDate "2018.10.10"]
[SourceVersion "1"]
[SourceVersionDate "2018.10.10"]
[SourceQuality "1"]
[WhiteTeam "Kareth Lappersdorf II"]
[BlackTeam "Buechenbach/Roth"]
[WhiteTeamCountry "GER"]
[BlackTeamCountry "GER"]

1. e4 c5 2. Nc3 e6 3. g3 Nc6 4. Bg2 Nf6 5. d3 d6 6. f4 Be7 7. Nf3 Qc7 8. 0-0 a6 9. a4 Rb8 10. h3 b5 11. axb5 axb5 12. g4 Nd7 13. Ne2 Bb7 14. f5 exf5 15. gxf5 Nce5 16. Nf4 Bf6 17. c3 0-0 18. Nh2 Ra8 19. Rxa8 Rxa8 20. Ng4 Nxg4 21. hxg4 Ra1 22. Qe2 Be5 23. g5 Rxc1 24. Rxc1 Bxf4 25. Ra1 Bxg5 26. d4 cxd4 27. cxd4 Qb6 28. Qf2 h6 29. Bf3 Ne5 30. Kg2 Nd3 31. Qc2 Qxd4 32. Rd1 Qxb2 33. Qxb2 Nxb2 34. Rb1 Bf6 0-1

[Event "Regionalliga NO 1617"]
[Site "Bayern"]
[Date "2017.03.19"]
[Round "7.3"]
[White "Bader, Dominic"]
[Black "Ter Akopyan, Bagrat"]
[Result "1/2-1/2"]
[WhiteElo "2029"]
[BlackElo "2025"]
[PlyCount "67"]
[EventDate "2016.10.16"]
[EventType "team-tourn"]
[EventRounds "9"]
[EventCountry "GER"]
[SourceTitle "EXT 2019"]
[Source "ChessBase"]
[SourceDate "2018.10.10"]
[SourceVersion "1"]
[SourceVersionDate "2018.10.10"]
[SourceQuality "1"]
[WhiteTeam "Buechenbach/Roth"]
[BlackTeam "Herzogenaurach II"]
[WhiteTeamCountry "GER"]
[BlackTeamCountry "GER"]

1. d4 Nf6 2. Nf3 g6 3. b3 Bg7 4. Bb2 d5 5. e3 0-0 6. Nbd2 c5 7. Be2 Nc6 8. dxc5 Qa5 9. 0-0 Qxc5 10. c4 Bf5 11. cxd5 Qxd5 12. Bc4 Qa5 13. Qe2 e5 14. e4 Bd7 15. Rfd1 Rfd8 16. a3 Nh5 17. Qe3 Bg4 18. h3 Bc8 19. Rac1 Nd4 20. Bd5 Nf4 21. Nxd4 Nxd5 22. exd5 exd4 23. Bxd4 Bxd4 24. Qxd4 Rxd5 25. Nc4 Rxd4 26. Nxa5 Rxd1+ 27. Rxd1 Be6 28. Nxb7 Bxb3 29. Rd7 Be6 30. Rc7 Rc8 31. Rc5 Kf8 32. Ra5 Rc7 33. Nd6 Bd7 34. Nb5 1/2-1/2

[Event "Bad Zwesten op 17th"]
[Site "Bad Zwesten"]
[Date "2017.01.05"]
[Round "6"]
[White "Bader, Dominic"]
[Black "Humburg, Philipp"]
[Result "0-1"]
[WhiteElo "2083"]
[BlackElo "2257"]
[PlyCount "88"]
[EventDate "2017.01.02"]
[EventType "swiss"]
[EventRounds "7"]
[EventCountry "GER"]
[SourceTitle "CBM 176 Extra"]
[Source "ChessBase"]
[SourceDate "2017.03.02"]
[SourceVersion "1"]
[SourceVersionDate "2017.03.02"]
[SourceQuality "1"]

1. d4 Nf6 2. Nf3 e6 3. e3 d5 4. b3 c5 5. Nbd2 Nc6 6. Bb2 Bd6 7. Ne5 Qb6 8. dxc5 Bxc5 9. Nxc6 bxc6 10. Qf3 Be7 11. Bd3 Ba6 12. 0-0 0-0 13. Rfd1 Bxd3 14. cxd3 a5 15. Rab1 a4 16. bxa4 Qa6 17. Nf1 Qxa4 18. Rbc1 Rfc8 19. Rd2 Ne8 20. Rdc2 Qb5 21. Qg4 c5 22. Ng3 Qxd3 23. a3 Qg6 24. Qd1 Nf6 25. Ne2 Ne4 26. Nf4 Qf5 27. f3 Nf6 28. g4 Qg5 29. Qe1 Nd7 30. Qg3 Bd6 31. h4 Bxf4 32. exf4 Qg6 33. h5 Qd3 34. Kh2 d4 35. Qf2 Rcb8 36. Rd2 Qb5 37. h6 g6 38. Qh4 Qb6 39. f5 Qc7+ 40. Kh3 Qf4 41. Rcc2 Qxf3+ 42. Kh2 Ne5 43. Rg2 Qf4+ 44. Kh1 Qf1+ 0-1

[Event "Pyramiden Franken Cup"]
[Site "Fuerth"]
[Date "2016.09.04"]
[Round "6"]
[White "Bader, Dominic"]
[Black "Wieczorek, Heinz"]
[Result "1-0"]
[WhiteElo "2066"]
[BlackElo "1793"]
[PlyCount "33"]
[EventDate "2016.09.01"]
[EventType "swiss"]
[EventRounds "7"]
[EventCountry "GER"]
[SourceTitle "CBM 174 Extra"]
[Source "ChessBase"]
[SourceDate "2016.10.10"]
[SourceVersion "1"]
[SourceVersionDate "2016.10.10"]
[SourceQuality "1"]

1. d4 Nf6 2. Nf3 e6 3. e3 c5 4. b3 d5 5. Bb2 Nc6 6. Bd3 Be7 7. Nbd2 Bd7 8. a3 a5 9. Ne5 0-0 10. h4 Nxe5 11. dxe5 Ne8 12. Qh5 g6 13. Qh6 Ng7 14. Nf3 c4 15. Ng5 Bxg5 16. hxg5 Nh5 17. Rxh5 1-0

[Event "Pyramiden Franken Cup"]
[Site "Fuerth"]
[Date "2016.09.02"]
[Round "3"]
[White "Braun, Kristin"]
[Black "Bader, Dominic"]
[Result "1/2-1/2"]
[WhiteElo "1853"]
[BlackElo "2066"]
[PlyCount "94"]
[EventDate "2016.09.01"]
[EventType "swiss"]
[EventRounds "7"]
[EventCountry "GER"]
[SourceTitle "CBM 174 Extra"]
[Source "ChessBase"]
[SourceDate "2016.10.10"]
[SourceVersion "1"]
[SourceVersionDate "2016.10.10"]
[SourceQuality "1"]

1. d4 Nf6 2. Nf3 g6 3. c4 Bg7 4. Nc3 d5 5. e3 0-0 6. Be2 c6 7. 0-0 Nbd7 8. b3 Re8 9. Bb2 Nf8 10. cxd5 cxd5 11. Rc1 Bd7 12. Ne5 a6 13. Qd2 b5 14. Ba3 Ne6 15. Bf3 Ng5 16. Bxd5 Nxd5 17. Nxd5 Be6 18. Nxe7+ Kh8 19. N7c6 Qb6 20. Bc5 Qb7 21. Na5 Qd5 22. f3 Bxe5 23. e4 Qd7 24. Qxg5 Bxd4+ 25. Bxd4+ Qxd4+ 26. Rf2 Rac8 27. Nc6 Qd7 28. Rfc2 Kg7 29. e5 h6 30. Qe3 Bf5 31. Rc3 Re6 32. Nd4 Ree8 33. Nxf5+ Qxf5 34. Rxc8 Rxc8 35. Rxc8 Qxc8 36. Kf2 h5 37. Ke2 Qc2+ 38. Qd2 Qf5 39. Qb2 Qe6 40. Kd3 Qf5+ 41. Ke3 Qc8 42. f4 Qc5+ 43. Kd3 Qg1 44. e6+ f6 45. Qe2 Qb1+ 46. Ke3 Kf8 47. Kf3 Qf5 1/2-1/2

[Event "Regionalliga NO 1516"]
[Site "Bayern"]
[Date "2016.04.10"]
[Round "9.4"]
[White "Kalous, Miroslav"]
[Black "Bader, Dominic"]
[Result "1/2-1/2"]
[WhiteElo "1966"]
[BlackElo "2007"]
[PlyCount "85"]
[EventDate "2015.10.11"]
[EventType "team-tourn"]
[EventRounds "9"]
[EventCountry "GER"]
[SourceTitle "EXT 2018"]
[Source "ChessBase"]
[SourceDate "2017.10.13"]
[SourceVersion "1"]
[SourceVersionDate "2017.10.13"]
[SourceQuality "1"]
[WhiteTeam "Windischeschenbach"]
[BlackTeam "Buechenbach/Roth"]
[WhiteTeamCountry "GER"]
[BlackTeamCountry "GER"]

1. d4 Nf6 2. Nf3 c5 3. e3 e6 4. b3 b6 5. Bb2 Be7 6. Bd3 Bb7 7. Nbd2 0-0 8. 0-0 d6 9. a3 Nbd7 10. c4 Qc7 11. Qc2 h6 12. Rfd1 Rac8 13. Rac1 Rfe8 14. b4 Bf8 15. b5 cxd4 16. exd4 d5 17. h3 dxc4 18. Bxc4 Bd6 19. Qb3 Qb8 20. Re1 Bf4 21. Rc2 Qa8 22. Bf1 Rxc2 23. Qxc2 Rc8 24. Qd3 Rc7 25. g3 Bd6 26. Rc1 Qc8 27. Rxc7 Qxc7 28. Bg2 Bd5 29. Ne1 Nf8 30. Bxd5 exd5 31. Nc2 Qe7 32. Qe3 Ne6 33. Kg2 Qd7 34. a4 Qc7 35. Qc3 Qd7 36. Nb4 Ng5 37. g4 Bxb4 38. Qxb4 Nxg4 39. hxg4 Qxg4+ 40. Kf1 Qd1+ 41. Kg2 Qg4+ 42. Kf1 Qd1+ 43. Kg2 1/2-1/2

[Event "Regionalliga NO 1516"]
[Site "Bayern"]
[Date "2016.03.13"]
[Round "8.4"]
[White "Bader, Dominic"]
[Black "Roeder, Frank"]
[Result "0-1"]
[WhiteElo "2007"]
[BlackElo "2149"]
[PlyCount "130"]
[EventDate "2015.10.11"]
[EventType "team-tourn"]
[EventRounds "9"]
[EventCountry "GER"]
[SourceTitle "EXT 2018"]
[Source "ChessBase"]
[SourceDate "2017.10.13"]
[SourceVersion "1"]
[SourceVersionDate "2017.10.13"]
[SourceQuality "1"]
[WhiteTeam "Buechenbach/Roth"]
[BlackTeam "Altensittenbach"]
[WhiteTeamCountry "GER"]
[BlackTeamCountry "GER"]

1. e4 c6 2. Nc3 d5 3. Nf3 Bg4 4. h3 Bxf3 5. Qxf3 e6 6. Be2 Nd7 7. 0-0 Ngf6 8. Re1 Bb4 9. exd5 cxd5 10. d4 0-0 11. Bg5 Rc8 12. Qg3 Qc7 13. Bf4 Qb6 14. Bh6 Ne8 15. Bb5 Ndf6 16. Bxe8 Nxe8 17. Rad1 Kh8 18. Bf4 Qa5 19. Re3 Bxc3 20. Rxc3 Rxc3 21. Qxc3 Qxc3 22. bxc3 Nf6 23. Rb1 b6 24. f3 Rc8 25. Rb3 Nd7 26. Kf2 f6 27. Ke2 Kg8 28. Kd3 Kf7 29. Rb4 e5 30. dxe5 fxe5 31. Be3 Ke6 32. a4 Rc6 33. Rh4 h6 34. c4 d4 35. Bxh6 Nc5+ 36. Kd2 gxh6 37. Rxh6+ Kd7 38. Rh7+ Kd6 39. Rxa7 Ne6 40. h4 Rxc4 41. a5 bxa5 42. Rxa5 Nf4 43. g3 Nd5 44. Ra3 Ne3 45. Ra6+ Kd7 46. Ra7+ Ke6 47. Ra6+ Kf5 48. g4+ Kf4 49. Rf6+ Kg3 50. h5 Rxc2+ 51. Kd3 Rh2 52. Ke4 Nc4 53. h6 Nd2+ 54. Kxe5 Nxf3+ 55. Ke4 Re2+ 56. Kd3 Re3+ 57. Kc4 Rc3+ 58. Kb4 Rc7 59. Rg6 d3 60. g5 Rd7 61. Rg7 Rd4+ 62. Kc3 d2 63. h7 d1Q 64. h8Q Qd2+ 65. Kb3 Rb4+ 0-1

[Event "Wiesbaden op 27th"]
[Site "Wiesbaden"]
[Date "2015.08.30"]
[Round "7"]
[White "Bader, Dominic"]
[Black "Krastev, Alexander"]
[Result "1/2-1/2"]
[WhiteElo "2100"]
[BlackElo "1900"]
[PlyCount "54"]
[EventDate "2015.08.27"]
[EventType "swiss"]
[EventRounds "7"]
[EventCountry "GER"]
[SourceTitle "EXT 2016"]
[Source "ChessBase"]
[SourceDate "2015.10.08"]
[SourceVersion "1"]
[SourceVersionDate "2015.10.08"]
[SourceQuality "1"]

1. e4 e5 2. Nc3 Nc6 3. f4 exf4 4. Nf3 Nge7 5. d4 d5 6. exd5 Nxd5 7. Nxd5 Qxd5 8. Bxf4 Bd6 9. Bxd6 Qxd6 10. c3 0-0 11. Be2 Ne7 12. 0-0 Nd5 13. Qd2 f6 14. Bc4 Be6 15. Rae1 Rfe8 16. Re2 Nb6 17. Bxe6+ Rxe6 18. Rfe1 Rae8 19. b3 Nd5 20. c4 Nf4 21. Rxe6 Rxe6 22. Rxe6 Nxe6 23. Qe3 Kf7 24. g3 c6 25. Qe4 g6 26. Kf2 Qa3 27. Qc2 Ng7 1/2-1/2

[Event "Wiesbaden op 27th"]
[Site "Wiesbaden"]
[Date "2015.08.28"]
[Round "2"]
[White "Donecker, Stefan"]
[Black "Bader, Dominic"]
[Result "0-1"]
[WhiteElo "1879"]
[BlackElo "2100"]
[PlyCount "82"]
[EventDate "2015.08.27"]
[EventType "swiss"]
[EventRounds "7"]
[EventCountry "GER"]
[SourceTitle "EXT 2016"]
[Source "ChessBase"]
[SourceDate "2015.10.08"]
[SourceVersion "1"]
[SourceVersionDate "2015.10.08"]
[SourceQuality "1"]

1. e3 d5 2. f4 g6 3. Nf3 Bg7 4. d4 Nh6 5. Bd3 0-0 6. 0-0 c6 7. Qe1 Bf5 8. Bxf5 Nxf5 9. b3 Nd7 10. Bb2 Nf6 11. Ne5 Ne4 12. Nd2 Nfd6 13. Nxe4 Nxe4 14. Nd3 Qb6 15. Rd1 a5 16. a4 Rad8 17. Ba3 Rfe8 18. Nf2 Nd6 19. Nh1 f6 20. Bc5 Qc7 21. Ng3 b6 22. Ba3 e6 23. Rf2 Nf5 24. Re2 Nxg3 25. Qxg3 e5 26. fxe5 fxe5 27. Bb2 Re6 28. dxe5 Rde8 29. Rd3 Qe7 30. Qe1 Bxe5 31. Bxe5 Rxe5 32. Qc3 c5 33. Red2 d4 34. Qc4+ Kh8 35. Rf2 dxe3 36. Re2 Qf6 37. Qc3 Rf8 38. Qe1 Rf5 39. Rd1 Qe5 40. Qg3 Qf6 41. Ree1 e2 0-1

[Event "Mittelfranken-chTB1 1415"]
[Site "Mittelfranken"]
[Date "2015.03.08"]
[Round "7.3"]
[White "Bader, Dominic"]
[Black "Kociurzynski, Andre"]
[Result "0-1"]
[WhiteElo "2007"]
[BlackElo "2019"]
[PlyCount "76"]
[EventDate "2014.09.29"]
[EventType "team-tourn"]
[EventRounds "9"]
[EventCountry "GER"]
[SourceTitle "EXT 2020"]
[Source "ChessBase"]
[SourceDate "2019.10.17"]
[SourceVersion "1"]
[SourceVersionDate "2019.10.17"]
[SourceQuality "1"]
[WhiteTeam "Buechenbach/Roth"]
[BlackTeam "Fuerth SF"]
[WhiteTeamCountry "GER"]
[BlackTeamCountry "GER"]

1. e4 c5 2. Nf3 e6 3. d4 cxd4 4. Nxd4 a6 5. Be2 Qc7 6. Nc3 Nf6 7. a3 Be7 8. 0-0 d6 9. Be3 Nbd7 10. f4 b5 11. Qe1 Bb7 12. Bf3 Nc5 13. Bf2 h5 14. Rd1 Rh6 15. b4 Ncd7 16. e5 Bxf3 17. Nxf3 Ng4 18. exd6 Bxd6 19. Qe4 Rc8 20. Rd3 Nxf2 21. Rxf2 Nf6 22. Qe1 Bxf4 23. Nd5 Nxd5 24. Rxd5 Qc3 25. Qxc3 Rxc3 26. Re2 Be3+ 27. Rxe3 Rxe3 28. Rc5 Rxa3 29. Ne5 Rf6 30. Rc8+ Ke7 31. h3 Kd6 32. Nd3 Ra1+ 33. Kh2 h4 34. g3 e5 35. Re8 Ra2 36. gxh4 Rxc2+ 37. Kg3 Rc3 38. Kg4 Kd7 0-1

[Event "Mittelfranken-chTB1 1415"]
[Site "Mittelfranken"]
[Date "2015.01.25"]
[Round "5.3"]
[White "Bader, Dominic"]
[Black "Seeger, Peter"]
[Result "1-0"]
[WhiteElo "2007"]
[BlackElo "2008"]
[PlyCount "125"]
[EventDate "2014.09.29"]
[EventType "team-tourn"]
[EventRounds "9"]
[EventCountry "GER"]
[SourceTitle "EXT 2020"]
[Source "ChessBase"]
[SourceDate "2019.10.17"]
[SourceVersion "1"]
[SourceVersionDate "2019.10.17"]
[SourceQuality "1"]
[WhiteTeam "Buechenbach/Roth"]
[BlackTeam "Nuernberg NT III"]
[WhiteTeamCountry "GER"]
[BlackTeamCountry "GER"]

1. e4 c5 2. Nf3 d6 3. d4 cxd4 4. Nxd4 Nf6 5. Nc3 a6 6. Bg5 e6 7. f4 Qc7 8. Qf3 Nbd7 9. 0-0-0 b5 10. Bxf6 Nxf6 11. Bd3 b4 12. Nce2 Bb7 13. Rhe1 Be7 14. g4 Nd7 15. Kb1 Nc5 16. Ng3 Bf6 17. Qf2 g6 18. g5 Bg7 19. f5 Be5 20. Nf3 Bg7 21. f6 Bf8 22. Qd4 Qb6 23. Nd2 Na4 24. Nb3 Qxd4 25. Nxd4 Nc5 26. Nb3 Nxd3 27. Rxd3 a5 28. c4 h6 29. h4 hxg5 30. hxg5 Rh4 31. Nd4 Ba6 32. b3 Rg4 33. Rh1 Rxg5 34. Rh8 Kd7 35. Rh7 e5 36. Rxf7+ Ke8 37. Rxf8+ Kxf8 38. Ne6+ Kf7 39. Nxg5+ Kxf6 40. Nf3 Ke6 41. Ng5+ Kf6 42. Nh3 Ke6 43. Rf3 Rh8 44. Ng5+ Kd7 45. Rf7+ Kc6 46. Rf6 Kc5 47. Rxg6 a4 48. Nf7 Rh3 49. Nxd6 a3 50. Ndf5 Bc8 51. Rh6 Bxf5 52. Nxf5 Rf3 53. Rh1 Rf2 54. Rd1 Rb2+ 55. Ka1 Re2 56. Ng3 Rg2 57. Nh5 Rf2 58. Ng7 Re2 59. Ne6+ Kc6 60. Ng5 Kc7 61. Nf3 Rxe4 62. Re1 Rf4 63. Nxe5 1-0

[Event "Mittelfranken-chTB1 1415"]
[Site "Mittelfranken"]
[Date "2014.11.16"]
[Round "3.2"]
[White "Sattler, Stefan"]
[Black "Bader, Dominic"]
[Result "0-1"]
[WhiteElo "2048"]
[BlackElo "2007"]
[PlyCount "83"]
[EventDate "2014.09.29"]
[EventType "team-tourn"]
[EventRounds "9"]
[EventCountry "GER"]
[SourceTitle "EXT 2020"]
[Source "ChessBase"]
[SourceDate "2019.10.17"]
[SourceVersion "1"]
[SourceVersionDate "2019.10.17"]
[SourceQuality "1"]
[WhiteTeam "Herzogenaurach"]
[BlackTeam "Buechenbach/Roth"]
[WhiteTeamCountry "GER"]
[BlackTeamCountry "GER"]

1. e4 c5 2. Nf3 Nc6 3. d4 cxd4 4. Nxd4 Nf6 5. Nc3 e6 6. Be2 Bb4 7. 0-0 0-0 8. Qd3 Qa5 9. Nb3 Qc7 10. Bg5 Ne5 11. Qd4 Bxc3 12. bxc3 Nc6 13. Qe3 Qe5 14. Nd2 b6 15. f4 Qc5 16. Qxc5 bxc5 17. Bxf6 gxf6 18. Nb3 d6 19. Rad1 Rd8 20. Rf3 Bb7 21. Rg3+ Kh8 22. Bh5 Ne7 23. Bxf7 Bxe4 24. Re1 f5 25. Nd2 d5 26. Nf3 Bxf3 27. Rxe6 Rd7 28. Rxf3 Rf8 29. Bh5 Rb8 30. Rfe3 Rbb7 31. Kf2 Ng8 32. a4 Rb2 33. Bd1 Ra2 34. Ra6 Kg7 35. Re5 Nf6 36. Ke1 Ne4 37. Bf3 Ra1+ 38. Ke2 Rxa4 39. Rxa4 Nxc3+ 40. Kd2 Nxa4 41. Bxd5 Nb6 42. c4 0-1

[Event "Nuremberg Zabo op 16th"]
[Site "Nuremberg"]
[Date "2014.09.19"]
[Round "1"]
[White "Holland, Arthur"]
[Black "Bader, Dominic"]
[Result "0-1"]
[WhiteElo "1591"]
[BlackElo "2029"]
[PlyCount "78"]
[EventDate "2014.09.19"]
[EventType "swiss"]
[EventRounds "5"]
[EventCountry "GER"]
[SourceTitle "EXT 2018"]
[Source "ChessBase"]
[SourceDate "2017.10.13"]
[SourceVersion "1"]
[SourceVersionDate "2017.10.13"]
[SourceQuality "1"]

1. e4 c5 2. Nf3 Nc6 3. d4 cxd4 4. Nxd4 Nf6 5. Nc3 e6 6. Be3 Bb4 7. Nxc6 bxc6 8. f3 d5 9. a3 Ba5 10. b4 Bb6 11. Bxb6 axb6 12. exd5 exd5 13. Bd3 0-0 14. 0-0 d4 15. Ne4 Nd5 16. Qd2 Bf5 17. Qf2 Ne3 18. Rfe1 Qd5 19. c4 Qd7 20. Qg3 Bxe4 21. fxe4 c5 22. b5 Ra7 23. Re2 Qe6 24. Rxe3 dxe3 25. Qxe3 Rfa8 26. e5 g6 27. Be2 Re8 28. a4 Qxe5 29. Qxe5 Rxe5 30. Bf3 Kf8 31. Kf2 f5 32. g3 g5 33. Bd5 g4 34. Bc6 Ke7 35. Rd1 Rxa4 36. Rd7+ Kf8 37. Rd8+ Kg7 38. Rd7+ Kf6 39. Rd6+ Re6 0-1

[Event "Regionalliga NO 0910"]
[Site "Bayern"]
[Date "2010.02.28"]
[Round "7.5"]
[White "Miller, Eduard"]
[Black "Bader, Dominic"]
[Result "1-0"]
[WhiteElo "2033"]
[BlackElo "1936"]
[PlyCount "59"]
[EventDate "2009.10.18"]
[EventType "team-tourn"]
[EventRounds "9"]
[EventCountry "GER"]
[SourceTitle "EXT 2011"]
[Source "ChessBase"]
[SourceDate "2010.11.26"]
[SourceVersion "1"]
[SourceVersionDate "2010.11.26"]
[SourceQuality "1"]
[WhiteTeam "Forchheim II"]
[BlackTeam "Dietfurt"]
[WhiteTeamCountry "GER"]
[BlackTeamCountry "GER"]

1. e4 c5 2. Nf3 Nc6 3. Bb5 g6 4. Bxc6 dxc6 5. d3 Bg7 6. h3 Nf6 7. Nc3 h6 8. Be3 b6 9. Qd2 Bb7 10. 0-0 Nd7 11. e5 Nxe5 12. Nxe5 Bxe5 13. Bxh6 Qd7 14. Rae1 Bxc3 15. Qxc3 0-0-0 16. Bf4 f6 17. Re4 Rh7 18. Bg3 g5 19. Qa3 a6 20. Qb3 b5 21. f4 c4 22. dxc4 c5 23. Re2 gxf4 24. Bxf4 Rg8 25. cxb5 Bd5 26. Qe3 Qxb5 27. Rd1 Qc6 28. Rxd5 Qxd5 29. Rd2 Qc6 30. Qb3 1-0

[Event "Regionalliga NO 0910"]
[Site "Bayern"]
[Date "2010.02.07"]
[Round "6.5"]
[White "Bader, Dominic"]
[Black "Boese, Klaus"]
[Result "0-1"]
[WhiteElo "1936"]
[BlackElo "1961"]
[PlyCount "68"]
[EventDate "2009.10.18"]
[EventType "team-tourn"]
[EventRounds "9"]
[EventCountry "GER"]
[SourceTitle "EXT 2011"]
[Source "ChessBase"]
[SourceDate "2010.11.26"]
[SourceVersion "1"]
[SourceVersionDate "2010.11.26"]
[SourceQuality "1"]
[WhiteTeam "Dietfurt"]
[BlackTeam "Bechhofen"]
[WhiteTeamCountry "GER"]
[BlackTeamCountry "GER"]

1. e4 d6 2. Nc3 g6 3. d4 Bg7 4. Be3 Nc6 5. Qd2 e5 6. Nf3 Bg4 7. d5 Nce7 8. Bb5+ Bd7 9. h3 a6 10. Bxd7+ Qxd7 11. g4 f6 12. Ne2 h5 13. gxh5 Rxh5 14. Nfg1 g5 15. f3 Rh7 16. c4 Ng6 17. c5 dxc5 18. Bxc5 Bf8 19. Bf2 Bd6 20. Bg3 N8e7 21. Nc3 Bc5 22. Bf2 Bxf2+ 23. Qxf2 Nf4 24. 0-0-0 Neg6 25. Qc2 0-0-0 26. Na4 Kb8 27. Nc5 Qd6 28. Kb1 c6 29. b4 Rc7 30. Ne2 cxd5 31. exd5 Qb6 32. a3 Nxe2 33. Qxg6 Rxc5 34. Ka1 Rcxd5 0-1